Statistiques concernant Films se déroulant à Venise par images

Cliquez ici pour prendre le quiz!

Statistiques générales

  • Ce quiz a été pris 43 fois
  • Le résultat moyen est 6 sur 16

Statistiques - réponses

Réponse% Correct
Spider-Man: Far From Home
98%
Les Pingouins de Madagascar
81%
Casino Royale
74%
Les Trois Mousquetaires
62%
Indiana Jones et la Dernière Croisade
50%
Mission impossible : Dead Reckoning, partie 1
50%
Mystère à Venise
48%
Lara Croft: Tomb Raider
31%
Mort à Venise
26%
The Tourist
19%
Le Guignolo
17%
Braquage à l'italienne
14%
Nikita
14%
Le Marchand de Venise
10%
Othello
10%
Vacances à Venise
7%

Distribution des résultats

Percentile par nombre de réponses

% des personnes avec chaque résultat

Votre développement - résultats

Vous n’avez pas pris ce quiz